000 00932nam a2200277 i 4500
001 000031538
003 DO-SdBNP
005 20241112084652.0
007 ta
008 110627s1941 dr r 000 0 spa d
040 _aDO-SdBNP
_bspa
_cBNPHU
_erda
082 _axxxx
_bP171e
_222
100 1 _aPalm, Erwin Walter
_eautor
_954148
245 1 0 _aEcos de arquitectura clásica en el Nuevo Mundo :
_bla formación de la casa dominicana /
_cErwin Walter Palm.
264 _aCiudad Trujillo :
_bUASD,
_c1941
300 _a24 páginas ;
_c24 cm.
336 _ardacontent
_btexto
_2txt
337 _ardamedia
_bsin mediación
_2n
338 _ardacarrier
_bvolumen
_2nc
490 _aPublicaciones de la Universidad de Santo Domingo ;
_vXV
590 _aInventariado, 2018/LP
650 4 _aArquitectura colonial
_zRepública Dominicana
_934508
650 4 _aArquitectura
_zRepública Dominicana
_954378
910 _aLP
942 _2ddc
_cLBS1
999 _c31030
_d31030